| 000 -LEADER |
| fixed length control field |
00785pam a2200229 a 4500 |
| 020 ## - INTERNATIONAL STANDARD BOOK NUMBER |
| ISBN |
0521331889 |
| 020 ## - INTERNATIONAL STANDARD BOOK NUMBER |
| ISBN |
0521337690 (pbk.) |
| 040 ## - CATALOGING SOURCE |
| Transcribing agency |
DLC |
| 082 00 - DEWEY DECIMAL CLASSIFICATION NUMBER |
| Classification number |
333 CAM 1987 A075 Or. |
| 100 1# - MAIN ENTRY--AUTHOR NAME |
| Personal name |
Conrad, Jon M. |
| 245 10 - TITLE STATEMENT |
| Title |
Natural resource economics : |
| Remainder of title |
notes and problems / |
| 260 ## - PUBLICATION, DISTRIBUTION, ETC. (IMPRINT) |
| Place of publication |
Cambridge [Cambridgeshire] ; |
| -- |
New York : |
| Name of publisher |
Cambridge University Press, |
| Year of publication |
1987. |
| 300 ## - PHYSICAL DESCRIPTION |
| Number of Pages |
x, 231 p. : |
| Other physical details |
ill. ; |
| Dimensions |
24 cm. |
| 500 ## - GENERAL NOTE |
| General note |
Includes index. |
| 650 #0 - SUBJECT ADDED ENTRY--TOPICAL TERM |
| Topical Term |
Natural resources. |
| 650 #0 - SUBJECT ADDED ENTRY--TOPICAL TERM |
| Topical Term |
Environmental policy. |
| 700 1# - ADDED ENTRY--PERSONAL NAME |
| Personal name |
Clark, Colin Whitcomb, |
| 856 41 - ELECTRONIC LOCATION AND ACCESS |
| Uniform Resource Identifier |
http://www.loc.gov/catdir/samples/cam034/87011582.html |
| 856 42 - ELECTRONIC LOCATION AND ACCESS |
| Uniform Resource Identifier |
http://www.loc.gov/catdir/description/cam023/87011582.html |
| 856 41 - ELECTRONIC LOCATION AND ACCESS |
| Uniform Resource Identifier |
http://www.loc.gov/catdir/toc/cam025/87011582.html |
| 942 ## - ADDED ENTRY ELEMENTS (KOHA) |
| Koha item type |
សៀវភៅភាសាអង់គ្លេស |
| 952 ## - LOCATION AND ITEM INFORMATION (KOHA) |
| Withdrawn status [LOCAL, KOHA] |
0 |